Introducing a law enforcement curriculum at a state university

Guardado en:  
Detalles Bibliográficos
Autor principal: Lejins, Peter P. (Autor)
Tipo de documento: Print Libro
Lenguaje:Inglés
Publicado: Washington, D.C. U.S. Department of Justice, Law Enforcement Assistance Administration, National Inst. of Law Enforcement and Criminal Justice 1970
En:Año: 1970
Disponibilidad en Tübingen:Disponible en Tübingen.
UB: KB 5 A 445-6
Verificar disponibilidad: HBZ Gateway
Servicio de pedido Subito: Pedir ahora.

MARC

LEADER 00000cam a22000002c 4500
001 1094474630
003 DE-627
005 20251224220553.0
007 tu
008 910613s1970 xx ||||| 00| ||eng c
035 |a (DE-627)1094474630 
035 |a (DE-576)024474630 
035 |a (DE-599)BSZ024474630 
035 |a (OCoLC)02779830 
040 |a DE-627  |b ger  |c DE-627  |e rakwb 
041 |a eng 
082 0 |a 363.2 
100 1 |a Lejins, Peter P.  |4 aut 
245 1 0 |a Introducing a law enforcement curriculum at a state university  |c Peter P. Lejins 
264 1 |a Washington, D.C.  |b U.S. Department of Justice, Law Enforcement Assistance Administration, National Inst. of Law Enforcement and Criminal Justice  |c 1970 
300 |a VII, 42 S. 
336 |a Text  |b txt  |2 rdacontent 
337 |a ohne Hilfsmittel zu benutzen  |b n  |2 rdamedia 
338 |a Band  |b nc  |2 rdacarrier 
583 1 |a Archivierung prüfen  |c 20200919  |f DE-640  |z 2  |2 pdager 
951 |a BO 
ELC |b 1 
LOK |0 000 xxxxxcx a22 zn 4500 
LOK |0 001 2165968593 
LOK |0 003 DE-627 
LOK |0 004 1094474630 
LOK |0 005 20020606000000 
LOK |0 008 910613||||||||||||||||ger||||||| 
LOK |0 040   |a DE-21  |c DE-627  |d DE-21 
LOK |0 852   |a DE-21 
LOK |0 852 1  |c KB 5 A 445-6  |9 00 
LOK |0 935   |a krim 
LOK |0 936ln  |a k5.2.4 
LOK |0 939   |a 13-06-91  |b l01 
ORI |a SA-MARC-krimdoka001.raw 
SIG |a UB: KB 5 A 445-6